Finančný radca v ziskových riešeniach tipy a riešenia pre šéfov, firemných ekonómov a všetkých, ktorí rozhodujú o peniazoch

Bibliographic Details
Previous Title:Finančný radca
Format: Journal
Language:Slovak
PhysicalDescription:1 zv. 30 cm
Published: Žilina Poradca podnikateľa 2001
ISSN:1335-678X
1335-3861
Subjects:

MARC

LEADER 00000cas a2200000 a 4500
001 vtls008881177
003 SK-MaSNL
005 20260228162126.0
008 000922d20012001xo er p r 0 0 b0slo
022 |a 1335-678X 
035 |a (SVKBB03)vtls000053448 
040 |a SVKBB  |b slo  |c SVKBB  |d SNK  |e AACR2 
041 0 |a slo 
044 |a xo  |c SK 
072 7 |a 336.7  |x Financie  |2 konspekt 
080 |a 336  |2 2001 
080 |a 336.7:659.23  |2 2001 
080 |a 050  |2 2001 
210 0 |a Finanč. radca zisk. rieš. 
222 0 |a Finančný radca v ziskových riešeniach 
245 0 0 |a Finančný radca v ziskových riešeniach  |b tipy a riešenia pre šéfov, firemných ekonómov a všetkých, ktorí rozhodujú o peniazoch 
246 3 3 |a Nový finančný radca v ziskových riešeniach 
260 |a Žilina  |b Poradca podnikateľa  |c 2001 
300 |a 1 zv.  |c 30 cm 
310 |a 1x za 2 týždne 
362 0 |a Roč. 1, č. 1 (2001)-roč. 1, č. 25 (2001) 
500 |a Nadviazal na časopis Finančný radca 
500 |a Časopis ukončil vydávanie a prešiel ako rubrika Financie vo firme do časopisu EPP (Ekonomický a právny poradca podnikateľa) 
650 0 7 |a financie  |2 SNKPH  |9 2205 
650 0 7 |a finančné poradenstvo  |2 SNKPH  |9 57383 
655 7 |a odborné časopisy  |2 SNKPH  |9 70505 
780 0 0 |t Finančný radca  |x 1335-3861  |w vtls008880631 
910 |a snk 
999 |c 6876  |d 8806 
952 |0 0  |1 0  |4 0  |7 0  |8 0  |a SNK  |b SNK  |d 2016-07-06  |i snk2016/16771  |l 0  |o snkČSB 6179/1/2001/1  |p 17A1100640  |r 2026-02-21 21:47:32  |t č. 1-13  |w 2026-02-21  |y PREZ 
952 |0 0  |1 0  |4 0  |7 0  |8 0  |a SNK  |b SNK  |d 2016-07-06  |i snk2016/16772  |l 0  |o snkČSB 6179/1/2001/2  |p 17A1100641  |r 2026-02-21 21:47:33  |t č. 14-25  |w 2026-02-21  |y PREZ 
952 |0 0  |1 0  |4 0  |7 0  |8 0  |a SNK  |b SNK  |d 2016-07-06  |i snk2016/16783  |l 0  |o snkČSB 6179/1/2001/1 D1  |p 17A1100642  |r 2026-02-21 21:47:33  |t č. 1-13  |w 2026-02-21  |y PREZ 
952 |0 0  |1 0  |4 0  |7 0  |8 0  |a SNK  |b SNK  |d 2016-07-06  |i snk2016/16784  |l 0  |o snkČSB 6179/1/2001/2 D1  |p 17A1100643  |r 2026-02-21 21:47:33  |t č. 14-25  |w 2026-02-21  |y PREZ